NBA Eastern Conference Arenas - Statistics

General Stats
  • This quiz has been taken 10 times
  • The average score is 15 of 15
Answer Stats
Arena Answer % Correct
TD Garden Boston Celtics
100%
Barclays Center Brooklyn Nets
100%
Spectrum Center Charlotte Hornets
100%
United Center Chicago Bulls
100%
Quicken Loans Arena Cleveland Cavaliers
100%
Bankers Life Fieldhouse Indiana Pacers
100%
American Airlines Arena Miami Heat
100%
Madison Square Garden New York Knicks
100%
Amway Center Orlando Magic
100%
Wells Fargo Center Philadelphia 76ers
100%
Scotiabank Arena Toronto Raptors
100%
Capital One Arena Washington Wizards
100%
Little Caesar's Arena Detroit Pistons
90%
Fiserv Forum Milwaukee Bucks
90%
State Farm Arena Atlanta Hawks
80%
No matching quizzes found
Score Distribution
Percent of People with Each Score
Percentile by Number Answered
Your Score History
You have not taken this quiz